Food picture quiz (Nederlands) - Statistieken

Algemene statistieken
  • Deze quiz is 361 keer genomen
  • De gemiddelde score is 8 van 10
Antwoordstatistieken
Foto Antwoord % Correct
Banaan
100%
Appel
97%
Hotdog
95%
Chocola
94%
Croissant
93%
Hamburger
91%
Taco
85%
Taart
80%
Bosbessen
39%
Kool
38%
Geen overeenkomende quizzen gevonden
Scoreverdeling
Procent van Mensen met Elke Score
Percentiel versus Aantal Correcte Antwoorden
Uw Scoregeschiedenis
U heeft deze quiz nog niet genomen